Las hojas que caen : (Record no. 101120)

MARC details
000 -CABECERA
campo de control de longitud fija 00773nam a2200217 a 4500
005 - FECHA Y HORA DE LA ÚLTIMA TRANSACCIÓN
campo de control 20210223125121.0
008 - ELEMENTOS DE LONGITUD FIJA--INFORMACIÓN GENERAL
campo de control de longitud fija 030918s2000 mx r 000 0 spa d
020 ## - NÚMERO INTERNACIONAL NORMALIZADO PARA LIBROS
Número Internacional Estándar del Libro 968190513X
035 ## - NÚMERO DE CONTROL DEL SISTEMA
Número de control de sistema UPN01000128947
049 ## - COLECCIÓN
Colección CG
050 #4 - SIGNATURA TOPOGRÁFICA DE LA BIBLIOTECA DEL CONGRESO
Número de clasificación CT275
Número de documento/Ítem M3.3
100 1# - ASIENTO PRINCIPAL--NOMBRE PERSONAL
Nombre de persona Mah, Adeline Yen,
Fechas asociadas al nombre 1937-
245 14 - MENCIÓN DE TÍTULO
Título Las hojas que caen :
Resto del título memorias de una hija rechazada /
Mención de responsabilidad, etc. Adeline Yen Mah ; tr. Omar López Vergara.
260 ## - PUBLICACIÓN, DISTRIBUCIÓN, ETC.
Lugar de publicación, distribución, etc. México :
Nombre del editor, distribuidor, etc. Alfaguara,
Fecha de publicación, distribución, etc. 2000.
300 ## - DESCRIPCIÓN FÍSICA
Extensión 354 p. :
Otras características físicas il.
534 ## - NOTA SOBRE LA VERSIÓN ORIGINAL
Frase introductoria Traducción de:
Mención de título del original Falling leaves, the true story of an unwanted chinese daughter
600 14 - ASIENTO SECUNDARIO DE MATERIA - NOMBRE PERSONAL
Nombre de persona MAH, ADELINE YEN,
Fechas asociadas al nombre 1937-
650 #4 - ASIENTO SECUNDARIO DE MATERIA - TERMINO TEMATICO
Término de materia o nombre geográfico como elemento de entrada CHINOAMERICANOS -
Subdivisión geográfica CALIFORNIA, ESTADOS UNIDOS -
Subdivisión de forma BIOGRAFIA
9 (RLIN) 10858
651 #4 - ASIENTO SECUNDARIO DE MATERIA - NOMBRE GEOGRAFICO
Nombre geográfico CHINA -
Subdivisión general VIDA SOCIAL Y COSTUMBRES
9 (RLIN) 11878
905 ## - TIPO DE MATERIAL
Tipo de material Libro
Holdings
Estado de retiro Estado de pérdida Fuente del sistema de clasificación o colocación Estado dañado No para préstamo Código de colección Localización permanente Ubicación/localización actual Ubicación en estantería Fecha de adquisición Total de préstamos Clasificación Código de barras Fecha visto por última vez Número de copia Tipo de ítem Koha
    Library of Congress Classification     Colección General Bib. Gregorio Torres Quintero Bib. Gregorio Torres Quintero Planta baja 03/08/2023 20 CT275 M3.3 199284 31/12/2020 1 Libro